<?xml version="1.0" encoding="UTF-8"?>
<collection xmlns="http://www.loc.gov/MARC21/slim">
 <record>
  <leader>01696nam a2200229Ia 4500</leader>
  <controlfield tag="001">CTU_102484</controlfield>
  <controlfield tag="008">210402s9999    xx            000 0 und d</controlfield>
  <datafield tag="020" ind1=" " ind2=" ">
   <subfield code="c">391.99</subfield>
  </datafield>
  <datafield tag="082" ind1=" " ind2=" ">
   <subfield code="a">664.028</subfield>
  </datafield>
  <datafield tag="082" ind1=" " ind2=" ">
   <subfield code="b">I.310</subfield>
  </datafield>
  <datafield tag="245" ind1=" " ind2="0">
   <subfield code="a">Improving the thermal processing of foods</subfield>
  </datafield>
  <datafield tag="245" ind1=" " ind2="0">
   <subfield code="c">edited by Philip Richardson</subfield>
  </datafield>
  <datafield tag="260" ind1=" " ind2=" ">
   <subfield code="a">Boca Raton, Fl</subfield>
  </datafield>
  <datafield tag="260" ind1=" " ind2=" ">
   <subfield code="b">CRC Press</subfield>
  </datafield>
  <datafield tag="260" ind1=" " ind2=" ">
   <subfield code="c">2004</subfield>
  </datafield>
  <datafield tag="520" ind1=" " ind2=" ">
   <subfield code="a">The book summarises key research both on improving particular thermal processing techniques and measuring their effectiveness. Part 1 examines how best to optimise thermal processes, with chapters addressing safety and quality, efficiency and productivity and the application of computational fluid dynamics. Part 2 focuses on developments in technologies for sterilisation and pasteurisation with chapters on modelling retort temperature control and developments in packaging, sous-vide and cook-chill processing. There are chapters covering continuous heat processing, including developments in tubular heat exchangers, aseptic processing and ohmic and air impingement heating. The fourth part considers the validation of thermal processes, modelling heat penetration curves, using data loggers and time-temperature integrators and other new measuring techniques. The final group of chapters detail methods of analysing microbial inactivation in thermal processing and identifying and dealing with heat-resistant bacteria</subfield>
  </datafield>
  <datafield tag="526" ind1=" " ind2=" ">
   <subfield code="a">Kỹ thuật chế biến nhiệt thực phẩm</subfield>
  </datafield>
  <datafield tag="526" ind1=" " ind2=" ">
   <subfield code="b">NS323</subfield>
  </datafield>
  <datafield tag="650" ind1=" " ind2=" ">
   <subfield code="a">Food,Food,Canning and preserving</subfield>
  </datafield>
  <datafield tag="650" ind1=" " ind2=" ">
   <subfield code="x">Effect of heat on,Preservation</subfield>
  </datafield>
  <datafield tag="904" ind1=" " ind2=" ">
   <subfield code="i">Truc, H.Mai</subfield>
  </datafield>
  <datafield tag="980" ind1=" " ind2=" ">
   <subfield code="a">Trung tâm Học liệu Trường Đại học Cần Thơ</subfield>
  </datafield>
 </record>
</collection>
